Fungal Biology : Understanding the Fungal Lifestyle /

Guardado en:
Bibliografiske detaljer
Hovedforfatter: Jennings, D.H (autor)
Andre forfattere: Lysek, G. (autor) (autor)
Format: Bog
Sprog:engelsk
Udgivet: Oxford, Inglaterra : Nueva York, EUA : BIOS ; Springer, 1999, c1999
Udgivelse:2a edición
Fag:
Tags: Tilføj Tag
Ingen Tags, Vær først til at tagge denne postø!

MARC

LEADER 00000nam^a2200000^a^4500
001 000184598
005 20250521000000.0
009 20260310102123.138
020 |a 0-387-91593-1 
037 |a Acervo ITESO - Biblioteca 
041 |a ING 
082 |a 589. 2  |b JEN 
100 |a Jennings, D.H.  |e (autor) 
245 1 0 |a Fungal Biology :  |b Understanding the Fungal Lifestyle /  |c D.H. Jennings, G. Lysek. 
250 |a 2a edición 
264 4 |a Oxford, Inglaterra :  |b BIOS ;  |a Nueva York, EUA :  |b Springer,  |c 1999, c1999 
300 |a XVI, 166 p. 
336 |a texto  |b txt  |2 rdacontenido 
337 |a sin mediación  |b n  |2 rdamedio 
338 |a volumen  |b nc  |2 rdasoporte 
649 |a XX 
650 |a Hongos 
650 |a Micología 
650 |a Botánica 
700 |a Lysek, G.  |e (autor) 
910 |a Fondo General 
920 |a Impresos - Libros 
930 |a Colección General 
905 |a 101 
901 |a 0500125695  |b IT1  |c ACC  |u 20250521 
902 |a https://opac.biblio.iteso.mx/vufind/Record/000184598